| 000 | 00363nam a2200145Ia 4500 | ||
|---|---|---|---|
| 008 | 240624s9999 xx 000 0 und d | ||
| 041 | _aeng | ||
| 082 | _a658.3 DRA | ||
| 100 | _aDRAFKE MICHAEL W | ||
| 245 | _aHUMAN SIDE OF ORGANIZATIONS | ||
| 250 | _a(8th ed.) | ||
| 260 |
_c2002 _aNew Delhi _bPrentice-Hall |
||
| 300 | _axxxi, : 528 : p. : cm. ; 24 | ||
| 365 | _cRS | ||
| 999 |
_c268 _d268 |
||